000 00660nam a2200277Ia 4500
005 20260324140456.0
008 008 260324s9999 xx 000 0 eng d
020 _a9781315050225
037 _aEBOOK
040 _aCRL
040 _beng
040 _cCRL
041 _2eng
041 _aeng
084 _qCRL
100 _aMichael Saffle; James R. Heintze
_91204530
245 0 _aMusic and Culture in America, 1861-1918
260 _bTaylor and Francis
260 _c1998
365 _a
365 _b230
856 _uhttp://www.taylorfrancis.com/books/9781315050225
942 _cEBOOK
999 _c1806666
_d1806666